Datum a čas kvízu
31
Celkem bodů
Celkový počet nahraných bodů na tomto kvízu bez doplňovacích otázek.
8.
Pořadí na kvízu
Konečné umístění týmu na tomto kvízu.
Zaznamenané odpovědi
| # | Otázka | Odpověď | Body | Výsledky |
|---|---|---|---|---|
| 1. | Jak se jmenuje náměstek pražsk... | Zdeněk Hřib | 1 | |
| 2. | Minulý týden jsme se dozvěděli... | A) ve lžíci bagru | 1 | |
| 3. | Minulý týden jsme se dozvěděli... | Kanye West, Bianca Censori | 0 | |
| 4. | Nápad vědců z brněnské Mendelo... | B) mangové pecky | 0 | |
| 5. | Který obrovsky úspěšný sportov... | Rafael Nadal | 1 | |
| 6. | Hned na začátku tohoto tématu... | para (0,5 b.), piniové (1 b.) | 1 | |
| 7. | V úryvku textu populární české... | Skořápky ořechů, Marie Rottrová | 1 | |
| 8. | Jak se jedním kratším slovem n... | gola | 1 | |
| 9. | Arašídové (též burákové) máslo... | křupavé (crunchy) | 0 | |
| 10. | Který z těchto výroků o pohádc... | C | 0 |